|
|
|
|
| LEADER |
00680nam a22001697a 4500 |
| 008 |
210226b ||||| |||| 00| 0 mal d |
| 020 |
|
|
|a 8189441514
|
| 082 |
|
|
|2 22
|a 851.676
|
| 100 |
|
|
|a Dennis
|
| 245 |
|
|
|a ഇത് എന്റെ ഇഷ്ടനിറം ഇഷ്ടമണം /
|c ഡെന്നിസ്
|
| 246 |
|
|
|a Ithu ente ishtaniram ishtamanam
|
| 260 |
|
|
|a Alappuzha :
|b Unma Publications ,
|c 2009.
|
| 300 |
|
|
|a 80p. ,
|c 18cm.
|
| 653 |
|
|
|a Malayalam--Poems
|
| 942 |
|
|
|c BK
|
| 999 |
|
|
|c 355304
|d 355304
|
| 952 |
|
|
|0 0
|1 0
|2 ddc
|4 0
|6 851_676000000000000_ITH
|7 0
|9 412423
|a UL
|b UL
|c PROC
|d 2021-02-26
|e Donation -I.G.Bhaskara Panikker Family
|o 851.676 ITH
|p G12092
|r 2021-02-26
|v 50.00
|w 2021-02-26
|y BK
|